Southville International School and Colleges
Your cart is empty.
  • Cart
  • Lists
    Public lists Eva Luna New books Lux_list list_1
    Your lists Log in to create your own lists
  • Log in to your account
  • Your cookies
  • Search history
Southville International School and Colleges
  • Advanced search
  • Recent comments
  • Most popular
  • Libraries

Log in to your account

Log in with GOOGLE


If you do not have an external account, but do have a local account, you can still log in:

  1. Home
  2. MARC view: My little world (teacher's guide) :
Normal view MARC view ISBD view

My little world (teacher's guide) : (Record no. 110598)

[ view plain ]
MARC details
000 -LEADER
fixed length control field 00501nam a2200169 a 4500
001 - CONTROL NUMBER
control field 1817
005 - DATE AND TIME OF LATEST TRANSACTION
control field 20140414131859.0
008 - FIXED-LENGTH DATA ELEMENTS--GENERAL INFORMATION
fixed length control field 010327s19uu xx 00 eng d
050 ## - LIBRARY OF CONGRESS CALL NUMBER
Classification number FIL 238
Item number M99
100 ## - MAIN ENTRY--PERSONAL NAME
Personal name Cleofe, M. C. V.
245 ## - TITLE STATEMENT
Title My little world (teacher's guide) :
Remainder of title catechesis for kindergarten classes /
Statement of responsibility, etc by M. C. V. Cleofe, SJGS.
260 ## - PUBLICATION, DISTRIBUTION, ETC. (IMPRINT)
Place of publication, distribution, etc Sta. Cruz, Manila :
Name of publisher, distributor, etc Saint Mary's,
Date of publication, distribution, etc [n.d.]
300 ## - PHYSICAL DESCRIPTION
Extent 25 p. ; cm.
650 ## - SUBJECT ADDED ENTRY--TOPICAL TERM
Topical term or geographic name as entry element Catechesis.
650 ## - SUBJECT ADDED ENTRY--TOPICAL TERM
Topical term or geographic name as entry element Beliefs.
Holdings
Withdrawn status Lost status Damaged status Use restrictions Home library Current library Shelving location Date acquired Source of acquisition Total Checkouts Full call number Barcode Date last seen Price effective from Koha item type
        Munich Library Munich Library Filipiniana Section 12/23/2004     FIL 238 M99 M1048 04/14/2014 04/14/2014 Books

My little world (teacher's guide) :

APA

Cleofe M. C. V., .My little world (teacher's guide). Sta. Cruz, Manila: Saint Mary's.

Chicago

Cleofe M C V, .My little world (teacher's guide). Sta. Cruz, Manila: Saint Mary's.

Harvard

Cleofe M. C. V., .My little world (teacher's guide). Sta. Cruz, Manila: Saint Mary's.

MLA

Cleofe M C V, .Sta. Cruz, Manila: Saint Mary's. .

  • Place hold
  • Print
  • Cite
  • Add to your cart (remove)
  • Save record
    BIBTEX Dublin Core MARCXML MARC (non-Unicode/MARC-8) MARC (Unicode/UTF-8) MARC (Unicode/UTF-8, Standard) MODS (XML) RIS
  • More searches
    Search for this title in:
    Other Libraries (WorldCat) Other Databases (Google Scholar) Online Stores (Bookfinder.com) Open Library (openlibrary.org)

Exporting to Dublin Core...

SOUTHVILLE LIBRARY

Southville International School and Colleges Library

1281 Tropical Ave. Cor. Luxembourg St., BF Homes International, Las Pinas City

Tel. No. 8256374 / 252358 Loc. 117/146

Powered by Koha